Mahoma: la vida de un profeta

Sábháilte in:
Sonraí bibleagrafaíochta
Príomhchruthaitheoir: Caratini, Roger (Údar)
Formáid: LEABHAR
Teanga:Spáinnis
Foilsithe / Cruthaithe: Buenos Aires El Ateneo 2003
Eagrán:1a. ed
Ábhair:
Clibeanna: Cuir clib leis
Níl clibeanna ann, Bí ar an gcéad duine le clib a chur leis an taifead seo!

MARC

LEADER 00000nam a2200000 a 4500
001 UCL6735
003 CL-VaPUC
008 040416e20030000AG |||||||||||||||||spa|d
020 |a 950027454X 
082 0 4 |a 297.63  |b CAR  |2 21 
100 0 |a Caratini, Roger  |e author  |9 484448 
245 1 0 |a Mahoma: la vida de un profeta 
250 |a 1a. ed 
300 |a 559 p 
942 |c BK 
945 |d 20040416 00:00:00  |a cmena 
260 |a Buenos Aires  |b El Ateneo  |c 2003 
600 0 |a Mahoma,  |d 570-632  |9 482781 
650 7 |a FILOSOFOS ARABES  |2 CL-VaPUC  |9 347764 
650 0 |a Biografías  |9 255210 
651 7 |a ARABIA  |2 CL-VaPUC  |9 334867 
583 |a last modification  |c 20040416 00:00:00  |k Rodrigo Vera 
999 |c 308717  |d 308715 
952 |0 0  |1 0  |4 0  |6 297_630000000000000_CAR_2003  |7 0  |8 A  |9 375489  |a BIBHIS  |b BIBHIS  |d 2019-11-21  |i 4007115  |l 1  |m 1  |o 297.63 CAR 2003  |p 4007115  |r 2025-01-20  |s 2022-08-26  |w 2019-11-21  |y BK  |k HIS